书目信息 |
| 题名: |
上帝的诅咒
|
|
| 作者: | 巴克 著 ;程素珍 , 华金玉 译 | |
| 分册: | ||
| 出版信息: | 北京 新世界出版社 2007.02 |
|
| 页数: | 250页 | |
| 开本: | 23cm | |
| 丛书名: | ||
| 单 册: | ||
| 中图分类: | I561.45 | |
| 科图分类: | ||
| 主题词: | 长篇小说--chang pian xiao shuo--美国--现代 | |
| 电子资源: | ||
| ISBN: | 978-7-80228-262-9 | |
| 000 | 00993nam0 2200265 450 | |
| 001 | 012008853703 | |
| 005 | 20080115082024.32 | |
| 010 | @a978-7-80228-262-9@dCNY25.00 | |
| 100 | @a20080114d2007 em y0chi0120 ea | |
| 101 | 1 | @achi@ceng |
| 102 | @aCN@b110000 | |
| 105 | @ay z 000ay | |
| 106 | @ar | |
| 200 | 1 | @a上帝的诅咒@Ashang di de zu zhou@d= The Body politic@f(美) 克莱夫·巴克著@F(mei)ke lai fu·ba ke zhu@g程素珍,华金玉译@Gcheng su zhen,hua jin yu yi@zeng |
| 210 | @a北京@c新世界出版社@d2007.02 | |
| 215 | @a250页@d23cm | |
| 330 | @a本书共分7部分,主要内容包括手的反常举动,从绳结里逃出来的野兽,雨认重温多年之前的灾难,建造一座人间地狱等善男信女。 | |
| 500 | 10 | @aBody politic@mChinese |
| 606 | 0 | @a长篇小说@Achang pian xiao shuo@y美国@z现代 |
| 690 | @aI561.45@v4 | |
| 701 | 1 | @a巴克@Aba ke@g(Barker, Clive),@f1952- @4著 |
| 702 | 0 | @a程素珍@Acheng su zhen@4译 |
| 702 | 0 | @a华金玉@Ahua jin yu@4译 |
| 801 | 0 | @aCN@bQSSK@c20080115 |
| 905 | @b278269-71@dI561.45@eB041@f3 | |
| 上帝的诅咒= The Body politic/(美) 克莱夫·巴克著/程素珍,华金玉译.-北京:新世界出版社,2007.02 |
| 250页;23cm |
| ISBN 978-7-80228-262-9:CNY25.00 |
| 本书共分7部分,主要内容包括手的反常举动,从绳结里逃出来的野兽,雨认重温多年之前的灾难,建造一座人间地狱等善男信女。 |
| ● |
| 相关链接 |
|
|
|
正题名:上帝的诅咒
索取号:I561.45/B041
 
预约/预借
| 序号 | 登录号 | 条形码 | 馆藏地/架位号 | 状态 | 备注 |
| 1 | 278269 | 202782694 | 文学库116/116文学库 20排5列1层/ [索取号:I561.45/B041] | 在馆 | |
| 2 | 278270 | 202782701 | 文学库116/116文学库 20排5列1层/ [索取号:I561.45/B041] | 在馆 | |
| 3 | 278271 | 202782710 | 社科二线422/116文学库 20排5列1层/ [索取号:I561.45/B041] | 在馆 |